Hutatma Ramprasad Bismil: Aatmakatha (Record no. 367922)

MARC details
000 -LEADER
fixed length control field 00476nam a2200181 4500
005 - DATE AND TIME OF LATEST TRANSACTION
control field 20251009133012.0
008 - FIXED-LENGTH DATA ELEMENTS--GENERAL INFORMATION
fixed length control field 251003b |||||||| |||| 00| 0 eng d
020 ## - INTERNATIONAL STANDARD BOOK NUMBER
International Standard Book Number 9788198020321
041 ## - LANGUAGE CODE
Language code of text/sound track or separate title Marathi
082 ## - DEWEY DECIMAL CLASSIFICATION NUMBER
Classification number 891.46
Item number KUL
100 ## - MAIN ENTRY--PERSONAL NAME
Author Kulkarni Narayan
245 ## - TITLE STATEMENT
Title Hutatma Ramprasad Bismil: Aatmakatha
260 ## - PUBLICATION, DISTRIBUTION, ETC.
Place of publication, distribution, etc. Pune
Name of publisher, distributor, etc. Bharatiya Vichar Sadhana Pune Prakashan
Date of publication, distribution, etc. 2024
300 ## - PHYSICAL DESCRIPTION
Extent 126
365 ## - TRADE PRICE
Price amount 105.00
Currency code Rs.00
650 ## - SUBJECT ADDED ENTRY--TOPICAL TERM
Topical term or geographic name entry element General
942 ## - ADDED ENTRY ELEMENTS (KOHA)
Koha item type Books
Holdings
Withdrawn status Lost status Source of classification or shelving scheme Damaged status Not for loan Home library Current library Date acquired Vendor Net Price Total Checkouts Full call number Barcode Date last seen Discount Actual Price Bill Date Koha item type
    Dewey Decimal Classification     School of Fashion Technology School of Fashion Technology 18/08/2025 Bharatiya Vichar Sadhana Foundation 105.00   891.46 KUL SOFT-BK-4560 03/10/2025 30% 150.00 03/10/2025 Books